000 02101nam a2200385 c 4500
003 BLK
005 20240622130748.0
008 180409b bul|||||r ||||||| ||bul||
010 _aKNG00114004000
020 _a954-761-137-2
_bиздат.: ИнфоДар
040 _aBLK
041 _aBUL
_cBUL
080 _aСоциография. Социално положение. Условия на политическия и социалния живот. Социално и социално-икономическо положение на отделните страни, народи, раси. Социална география. (Общи въпроси)
_b308
_x(495)(036)
_z308(495)(036)
080 _aЗабавно пътуване. Туризъм - пътуване пеша, с кола, колело, автобус, влак, параход, самолет, изкачване на планина, ездене и др. п.
_b379.85
_x(495)(036)
_z379.85(495)(036)
100 1 _aБогданос, Тула
_eпърви автор
_940133
700 1 _aБенчева, Мария
_eпрев.
_9375569
139 _aГърция
_bГ 97
245 1 0 _aГърция
_bFodor's пътеводител : Полезни съвети за посетители от А до Я
_cТула Богданос; прев. Мария Бенчева.
257 _aUSA
260 София
_bИнфоДар
_c2004
300 _a708 с.
_bс к.
_c22 см
380 _a3
500 _aПрев. по Fodor's Greece. - Съдържа и Българо-гръцки разговорник ; За нашите автори / Карън Кюър ; Преобразуване на мерките
650 4 _aПътеводители
_9168579
650 4 _aГърция - пътеводители
_9300110
653 _aпътеводители
653 _aтуризъм
653 _aГърция
852 _aЦб 220265
856 4 _qpdf
_u
856 4 _qpdf
_u
942 _cKNG
_n0
_01
944 _aCR
_c08.07.2004
_k30530
_lМинев Младен
944 _aED
_c02.04.2007
_k
999 _c108695
_d108695